Pandemie akceleruje digitalizaci o celá léta
Pravideľná správa DHL Logistic Trend Radar s predpoveďami ďalších expertov, napríklad Anasoftu upozorňujú, že situácia okolo covidu-19 dokázateľne urýchľuje digitalizáciu a automatizáciu. Z poznatkov týchto spoločností vychádza zhrnutie trendov, ktoré v najbližšej dobe ovplyvnia logistické procesy a...
Salvato in:
| Natura: | Capitolo di libro |
|---|---|
| Lingua: | ceco |
| Soggetti: | |
| Tags: |
Nessun Tag, puoi essere il primo ad aggiungerne!!
|
MARC
| LEADER | 00000naa a2200000 4500 | ||
|---|---|---|---|
| 001 | 0269240 | ||
| 005 | 20201015121443.1 | ||
| 041 | 0 | |a cze | |
| 044 | |a CZ | ||
| 245 | 1 | 0 | |a Pandemie akceleruje digitalizaci o celá léta |
| 520 | |a Pravideľná správa DHL Logistic Trend Radar s predpoveďami ďalších expertov, napríklad Anasoftu upozorňujú, že situácia okolo covidu-19 dokázateľne urýchľuje digitalizáciu a automatizáciu. Z poznatkov týchto spoločností vychádza zhrnutie trendov, ktoré v najbližšej dobe ovplyvnia logistické procesy a riadenie dodávateľských reťazcov. Konkurenčnú výhodu získajú firmy, ktoré najrýchlejšie príjmu nové technológie a prispôsobia si ich vlastným potrebám. | ||
| 610 | 2 | 0 | |a digitalizácia |
| 610 | 2 | 0 | |a automatizácia |
| 610 | 2 | 0 | |a robotizácia |
| 610 | 2 | 0 | |a logistika |
| 610 | 2 | 0 | |a reťazce dodávateľsko-odberateľské |
| 610 | 2 | 0 | |a riadenie |
| 610 | 2 | 0 | |a technológie nové |
| 610 | 2 | 0 | |a výhody konkurenčné |